02361cam a2200433 a 450000100090000000300040000900500170001300800410003001000170007101600180008802000280010602000250013402000290015902000260018803500130021403500210022704000750024804200140032304300210033705000260035808200210038424501160040526000320052130000210055333600260057433700280060033800270062850400640065552008170071965000380153665100330157465100470160765100470165470000250170190600450172694200150177199900170178695201240180318323768OSt20260413130347.0141002s2014 enk b 001 0 eng d a 20144534127 a0166892222Uk a9781780329178qhardback a1780329172qhardback a9781780329161qpaperback a1780329164qpaperback a18323768 a(OCoLC)845231701 aYDXCPbengcYDXCPdBDXdOCLCOdUKMGBdEYMdCHVBKdVP@dOCLCFdZWZdDLC alccopycat af------aa-cc---00aHD8778.5.C5bC45 201404a331.6395109622300aChinese migrants and Africa's development :bnew imperialists or agents of change? /cGiles Mohan ... [et al.]. aLondon :bZed Books,c2014. a185 p. ;c23 cm. atextbtxt2rdacontent aunmediatedbn2rdamedia avolumebnc2rdacarrier aIncludes bibliographical references (p. 165-178) and index. aChina's recent stepping up of relations with Africa is one of the most significant developments on the African continent for decades. For some it promises an end to Africa's dependent aid relationships as the Chinese bring expertise, technology, and a stronger business focus. But for others it is no more than a new form of imperialism. This book is the first to systematically study the motivations, relationships, and impact of this migration. It focuses not just on the Chinese migrants but also on the perceptions of, and linkages to, their African 'hosts'. By studying this everyday interaction we get a much richer picture of whether this is South-South cooperation, as the political leaders would have us believe, or a more complex relationship that can both compromise and encourage African development. 0aForeign workers, ChinesezAfrica. 0aAfricaxEconomic conditions. 0aAfricaxForeign economic relationszChina. 0aChinaxForeign economic relationszAfrica.1 aMohan, Giles,d1966- a7bcbcccopycatd2encipf20gy-gencatlg 2lcccBKn0 c23689d23688 00102lcc4070aIPSTCbIPSTCd2026-04-13i2952/2020l0oHD8778.5.C5 C45 2014p200129522020r2026-04-13w2026-04-13yBK